Sayang adikku sayang (Record no. 7717)

MARC details
000 -LEADER
fixed length control field 00782nam a2200265 i 4500
001 - CONTROL NUMBER
control field C2-0067809
003 - CONTROL NUMBER IDENTIFIER
control field PPAK
005 - DATE AND TIME OF LATEST TRANSACTION
control field 20190630222125.0
008 - FIXED-LENGTH DATA ELEMENTS--GENERAL INFORMATION
fixed length control field 970312s1994 my a|||| ||||| | may d
020 ## - INTERNATIONAL STANDARD BOOK NUMBER
International Standard Book Number 9676717088
040 ## - CATALOGING SOURCE
Original cataloging agency PPAK
Language of cataloging eng
Transcribing agency PPAK
Description conventions rda
082 04 - DEWEY DECIMAL CLASSIFICATION NUMBER
Classification number 899.233
Edition number 23
090 00 - LOCALLY ASSIGNED LC-TYPE CALL NUMBER (OCLC); LOCAL CALL NUMBER (RLIN)
Classification number (OCLC) (R) ; Classification number, CALL (RLIN) (NR) 899.233
Feature heading AME
Feature heading K
100 0# - MAIN ENTRY--PERSONAL NAME
Personal name Amer Haji Matsom,
Relator term author
245 10 - TITLE STATEMENT
Title Sayang adikku sayang
264 #1 - PRODUCTION, PUBLICATION, DISTRIBUTION, MANUFACTURE, AND COPYRIGHT NOTICE
Place of production, publication, distribution, manufacture Petaling Jaya, Selangor :
Name of producer, publisher, distributor, manufacturer Pustaka Delta Pelajaran ,
Date of production, publication, distribution, manufacture, or copyright notice 1994
300 ## - PHYSICAL DESCRIPTION
Extent 20 pages :
Other physical details illustrations ;
Dimensions 26 cm
336 ## - CONTENT TYPE
Source rdacontent
Content type term text
337 ## - MEDIA TYPE
Source rdamedia
Media type term unmediated
338 ## - CARRIER TYPE
Source rdacarrier
Carrier type term volume
490 1# - SERIES STATEMENT
Series statement Siri kumpulan puisi dan cerita KBSR
650 10 - SUBJECT ADDED ENTRY--TOPICAL TERM
Topical term or geographic name entry element Children's stories, Malay
830 #0 - SERIES ADDED ENTRY--UNIFORM TITLE
Uniform title Siri kumpulan puisi dan cerita KBSR
942 ## - ADDED ENTRY ELEMENTS (KOHA)
-- dc
Koha item type Book
Holdings
Withdrawn Not for loan Current library Shelving location Date acquired Full call number Barcode Date last seen Koha item type
    Perpustakaan Kulim Pinjaman Kanak-kanak 12/03/1997 K 899.233 AME A00006177 08/05/2018 Book
    Perpustakaan Yan Pinjaman Kanak-kanak 12/03/1997 K 899.233 AME A00006178 08/05/2018 Book
    Bergerak 3, Baling Pinjaman Kanak-kanak 12/03/1997 K 899.233 AME A00006183 08/05/2018 Book
    Bergerak 4, Sungai Petani Pinjaman Kanak-kanak 12/03/1997 K 899.233 AME A00006185 08/05/2018 Book
    Bergerak 5, Kulim Pinjaman Kanak-kanak 12/03/1997 K 899.233 AME A00006181 08/05/2018 Book
    Bergerak 5, Kulim Pinjaman Kanak-kanak 12/03/1997 K 899.233 AME A00006182 08/05/2018 Book
    PD02, Kg. Banggol Besi, Pendang Pinjaman Kanak-kanak 12/03/1997 K 899.233 AME A00006187 08/05/2018 Book
    PD07, Kg. Jelutong, Sik Pinjaman Kanak-kanak 12/03/1997 K 899.233 AME A00006189 08/05/2018 Book
    PD08, Felda Gunung Bongsu, Kulim Pinjaman Kanak-kanak 12/03/1997 K 899.233 AME A00006190 08/05/2018 Book
    PD30, Bandar Baru Beris Jaya, Sik Pinjaman Kanak-kanak 12/03/1997 K 899.233 AME A00006188 08/05/2018 Book